00716nam a2200169 a 450000100100000000500170001000800410002704000250006811000320009324000170012524501060014224601050024826000500035330000200040395201060042399900170052900003946020201002031648.0130701s2004 dr 000 0 spa d aDO-SdBNPbspacBNPHU2 aRepública Dominicana944710a[Leyes etc.]10aLey institucional de la policia nacional :bNo. 96-04 gaceta oficial no. 10258 del 5 febrero de 2004.14aLey institucional de la policia nacional :bNo. 96-04 gaceta oficial no. 10258 del 5 febrero de 2004 a[Santo Domingo] :bCongreso Nacional.,c2004. a55 p. ;c21 cm. 00107-18PDaPDbPDcOId2013-07-01iLF1l0o p39460-10r2020-06-25w2020-06-25yLFPDZNo se presta c38950d38950